02203 2200229 4500001002100000005001500021035002000036245004200056100001600098250001700114300003100131260003300162082000800195084001400203020002200217650002000239520161600259500002501875008004101900990001601941990001601957INLIS00000000000021220240821090612 a0010-05240001341 aAgung Anak Transmigran /cIbnu Suroyo0 aIbnu Suroyo acetakan ke-1 av, 98 hlm :bilus ;c21 cm aJakarta :bAzka Press,c2006 a813 a813 IBN a a978-979-744-456-2 4aFiksi Indonesia aAmir bersama orang tuanya bertransmigran ke daerah sumatera, tepatnya di daerah kapaspadi. ia seorang murid yang cerdas. amir bersama temannya, wage, urip, darmi, dan anne berkeinginan untuk mendirikan taman bacaan bagi anak-anak sekolah di daerah transmigrasi kapaspadi. sayangnya, uang tak punya, buku pun belum dimilikinya. secara kebetulan agung berkenalan dengan ir. wayan gelgel seorang kepala proyek di daerah itu. atas petunjuk kenalannya ini, agung dan teman-temannya dianjurkan untuk membuka usaha tani dengan bercocok tanam palawija. jika berhasil, uang penjualannya dapat digunakan untuk membeli sejumlah buku. agung dan teman-temannya lalu bertanam jagung. jagungnya tumbuh dengan subur. akan tetapi, usahanya itu tidak membuahkan hasil. ladang jagung yang tinggal dipanen itu ternyata dirusak hama babi hutan. agung merasa terpukul, begitu pula temannya. untunglah mereka bukan anak-anak yang mudah putus asa. selanjutnya, mereka beralih usaha dengan bertanam cabe. diluar dugaan, tanaman cabenya berbuah lebat, hingga membuat iri seorang pemalas yang bernama plered. plered pun sadar. jika anak-anak mampu berusaha menghasilkan uang, mengapa ia tidak. pada saat panen datang, agung dan kawan-kawan menjual cabenya pada seorang tengkulak. begitu luasnya ladang mereka. agung terpaksa mengupah orang lain untuk membangu memetik cabenya. namun sayang sekali, setelah membayar sebagian uang pembelian cabenya, si tengkulak menghilang entah kemana. mereka rugi untuk kedua kalinya. nah, berhasilkah cita-cita mereka untuk mendirikan perpustakan sekolah? simaklah cerita selengkapnya pada buku ini! aSeri Pengetahuan IPS240821 0  a00000000628 a00000002750